000 00611nam a2200277Ia 4500
005 20260324133631.0
008 008 260324s9999 xx 000 0 eng d
020 _a9780203987186
037 _aEBOOK
040 _aCRL
040 _beng
040 _cCRL
041 _2eng
041 _aeng
084 _qCRL
100 _aRob Shields
_91193812
245 4 _aThe Virtual
260 _bTaylor and Francis
260 _c2003
365 _a
365 _b280
856 _uhttp://www.taylorfrancis.com/books/9780203987186
942 _cEBOOK
999 _c1793069
_d1793069